Database management system / (Record no. 42433)

MARC details
000 -LEADER
fixed length control field 00758nam a22002297a 4500
005 - DATE AND TIME OF LATEST TRANSACTION
control field 20100818111233.0
010 ## - LCCN (DPL NO)
LC control number ENG-100821
020 ## - INTERNATIONAL STANDARD BOOK NUMBER
Terms of availability 195.00
International Standard Book Number 9788183333634
035 ## - SYSTEM CONTROL NUMBER
System control number EN-84354
037 ## - SOURCE OF ACQUISITION
Source of stock number/acquisition DBAD/PUB
082 ## - DEWEY DECIMAL CLASSIFICATION NUMBER
Classification number 005.74
100 ## - MAIN ENTRY--PERSONAL NAME
Personal name Bayross, Ivan
245 ## - TITLE STATEMENT
Title Database management system /
Statement of responsibility, etc by Ivan Bayross
260 ## - PUBLICATION, DISTRIBUTION, ETC. (IMPRINT)
Place of publication, distribution, etc New Delhi
Name of publisher, distributor, etc BPB Publications
Date of publication, distribution, etc 2010
270 ## - ADDRESS
Address B-14, Connaught Place
City New Delhi
Postal code 110001
300 ## - PHYSICAL DESCRIPTION
Extent viii, 285 p.
Dimensions 24cm (Pbk)
500 ## - GENERAL NOTE
General note Includes index
650 ## - SUBJECT ADDED ENTRY--TOPICAL TERM
Topical term or geographic name as entry element relational database
700 ## - ADDED ENTRY--PERSONAL NAME
9 (RLIN) 4162
942 ## - ADDED ENTRY ELEMENTS (KOHA)
Source of classification or shelving scheme Dewey Decimal Classification
Item type English Books
Classification part 005.74
Call number suffix BAY
Holdings
Withdrawn status Lost status Not for loan Collection code Home library Current library Date acquired Cost, normal purchase price Full call number Barcode Copy number Cost, replacement price Koha item type
    Not For Loan Non-fiction D.B.Act.Division D.B.Act.Division 18/08/2010 195.00 005.74 BAY EN-84354 1 195.00 English Books

© Delhi Public Library
Hit Counter
free hit counter